Organizationally minded nursing leadership / (Record no. 60394)
[ view plain ]
| 000 -LEADER | |
|---|---|
| fixed length control field | 00762nam a22002297a 4500 |
| 005 - DATE AND TIME OF LATEST TRANSACTION | |
| control field | 20260423084518.0 |
| 008 - FIXED-LENGTH DATA ELEMENTS--GENERAL INFORMATION | |
| fixed length control field | 260423b |||||||| |||| 00| 0 eng d |
| 020 ## - INTERNATIONAL STANDARD BOOK NUMBER | |
| International Standard Book Number | 9781605956688 |
| 050 ## - LIBRARY OF CONGRESS CALL NUMBER | |
| Classification number | RT89 |
| Item number | .G53 2023 |
| 100 ## - MAIN ENTRY--PERSONAL NAME | |
| Personal name | Gilliss, Catherine, |
| 245 ## - TITLE STATEMENT | |
| Title | Organizationally minded nursing leadership / |
| 260 ## - PUBLICATION, DISTRIBUTION, ETC. (IMPRINT) | |
| Place of publication, distribution, etc | Lancaster, Pennsylvania : |
| Name of publisher, distributor, etc | DEStech Publications, Inc., |
| Date of publication, distribution, etc | 2023 |
| 300 ## - PHYSICAL DESCRIPTION | |
| Extent | xxvii, 357 pages : |
| Other physical details | illustrations ; |
| Dimensions | 24 cm |
| 500 ## - GENERAL NOTE | |
| General note | Includes bibliographical references and index. |
| 650 ## - SUBJECT ADDED ENTRY--TOPICAL TERM | |
| Topical term or geographic name as entry element | Nursing services |
| General subdivision | Administration. |
| 650 ## - SUBJECT ADDED ENTRY--TOPICAL TERM | |
| Topical term or geographic name as entry element | Nurse administrators. |
| 700 ## - ADDED ENTRY--PERSONAL NAME | |
| Personal name | Berkowitz, Bobbie, |
| 700 ## - ADDED ENTRY--PERSONAL NAME | |
| Personal name | Reid Ponte, Patricia, |
| 700 ## - ADDED ENTRY--PERSONAL NAME | |
| Personal name | Milone-Nuzzo, Paula, |
| 700 ## - ADDED ENTRY--PERSONAL NAME | |
| Personal name | Johnson, Jean, |
| 942 ## - ADDED ENTRY ELEMENTS (KOHA) | |
| Source of classification or shelving scheme | Library of Congress Classification |
| Item type | Book |
| Withdrawn status | Lost status | Source of classification or shelving scheme | Damaged status | Not for loan | Collection code | Home library | Current library | Shelving location | Date acquired | Cost, normal purchase price | Total Checkouts | Full call number | Barcode | Date last seen | Copy number | Price effective from | Koha item type |
|---|---|---|---|---|---|---|---|---|---|---|---|---|---|---|---|---|---|
| Library of Congress Classification | Not For Loan | Non-fiction | Bishop Okullu Memorial Library (Limuru Campus) | Bishop Okullu Memorial Library (Limuru Campus) | General Circulation | 23/04/2026 | 2340.00 | RT89 .G53 2023 | 073370 | 23/04/2026 | 1 | 23/04/2026 | Book |